Kde spí lufťáci /
Protože luftu, přesněji čerstvého vzduchu, je ve městě proklatě málo, zavede vás oblíbená česká autorka na hory, k rybníku, k moři...
Uloženo v:
| Hlavní autor: | |
|---|---|
| Médium: | E-kniha |
| Jazyk: | Czech |
| Vydáno: |
Praha :
Motto,
2018
|
| Vydání: | Vydání první |
| Témata: | |
| Tagy: |
Žádné tagy |
| LEADER | 02143nam a2200409 i 4500 | ||
|---|---|---|---|
| 001 | 310924 | ||
| 003 | CZ PrSKC | ||
| 005 | 20260601215656.0 | ||
| 007 | ta | ||
| 008 | 180808s2018 xr g 000 jdcze | ||
| 015 | |a cnb003019487 | ||
| 020 | |a 9788026712220 |q (vázáno) | ||
| 035 | |a (OCoLC)1051235777 | ||
| 040 | |a OLA001 |b cze |d ABA001 |e rda | ||
| 072 | 7 | |a 821.162.3-3 |x Česká próza |2 Konspekt | |
| 080 | |a 821.162.3-32 |2 MRF | ||
| 080 | |a (0:82-32) |2 MRF | ||
| 080 | |a (0:82-4) |2 MRF | ||
| 100 | 1 | |a Devátá, Ivanka, |d 1935- |7 jn19990209138 |4 aut | |
| 245 | 1 | 0 | |a Kde spí lufťáci / |c Ivanka Devátá |
| 250 | |a Vydání první | ||
| 264 | 1 | |a Praha : |b Motto, |c 2018 | |
| 300 | |a 136 stran ; |c 20 cm | ||
| 336 | |a text |b txt |2 rdacontent | ||
| 337 | |a bez média |b n |2 rdamedia | ||
| 338 | |a svazek |b nc |2 rdacarrier | ||
| 520 | 2 | |a Protože luftu, přesněji čerstvého vzduchu, je ve městě proklatě málo, zavede vás oblíbená česká autorka na hory, k rybníku, k moři... |b Spát se bude všemožně - pod širákem, ve stanu, horské boudě, na chatě či chalupě, ale i pohodlně v hotelu a penziónu. A protože jsou chvíle, kdy člověk unikne z každodenního shonu, tak vzácné, pojí se k nim i spousta milých a úsměvných vzpomínek. Vzpomínek na blízké, rodinu, přátele a kolegy, kteří zrovna byli lufťáky. Veselé vzpomínky známé české herečky a spisovatelky na chvíle odpočinku. Nakladatelská anotace. | |
| 655 | 7 | |a české povídky |7 fd133971 |2 czenas | |
| 655 | 7 | |a fejetony |7 fd132252 |2 czenas | |
| 655 | 9 | |a Czech short stories |2 eczenas | |
| 655 | 9 | |a feuilletons |2 eczenas | |
| 900 | |a ABA001 |b 19 | ||
| 928 | 9 | |a Albatros Media - Motto | |
| 044 | |a xr | ||
| 910 | |a RBIT002 | ||
| 998 | |d 178989 |a https://core.palmknihy.cz/api/books/178989/cover?pd3he5 |b https://core.palmknihy.cz/api/books/178989/cover/400?pd3he5 |c https://core.palmknihy.cz/api/books/178989/cover/50?pd3he5 |e 2029-12-31 |g 144 |i 9788026712220 |j https://core.palmknihy.cz/api/books/178989/preview.epub |k https://core.palmknihy.cz/api/books/178989/preview.pdf |l |q 49 |r 1 |s https://www.palmknihy.cz/kniha/178989 |t ebook |y 2018 |z 0 | ||
| 999 | |d 310922 | ||